| 000 | 00456nam a2200193Ia 4500 | ||
|---|---|---|---|
| 005 | 20230823114109.0 | ||
| 008 | 131103s9999 xx 000 0 und d | ||
| 020 | _a451180410 | ||
| 040 | _aLoreto College | ||
| 041 | _aEnglish | ||
| 082 |
_aF _bILE |
||
| 100 | _aIles, Greg | ||
| 245 |
_aMortal Fear _cGreg Iles |
||
| 260 |
_aNew York _bSgnet Book _c1997 |
||
| 300 | _a622p, 17.5 cm. | ||
| 650 | _aFiction,Thriller | ||
| 850 | _aLCLIB | ||
| 942 | _cBK | ||
| 999 |
_c2182 _d52661 |
||